| 000 | 00581cam a22001691 4500 | ||
|---|---|---|---|
| 082 |
_a940.544 _bHAR |
||
| 100 | 1 |
_aHarris, Arthur Travers, _948969 |
|
| 245 | 1 | 0 |
_aBomber offensive, _cby Marshal of the R.A.F., Sir Arthur Harris ... |
| 260 |
_aLondon, _bCollins, _c1947. |
||
| 300 |
_a288 p. _c23 cm. |
||
| 500 | _a"First impression January, 1947. Second impression February, 1947." | ||
| 500 | _aMap on lining-papers. | ||
| 526 |
_a0 _b0 _c0 _d940_544000000000000_HAR |
||
| 650 | 0 |
_aMCE _9379 |
|
| 650 | 0 |
_aWorld War, 1939-1945 _xAerial operations, British. _937993 |
|
| 942 |
_2ddc _cBK |
||
| 999 |
_c551810 _d551810 |
||